He perdido mis calcetines!

Tallennettuna:
Bibliografiset tiedot
Päätekijät: Bunting, Eve (Tekijä), Ruzzier, Sergio (Tekijä)
Aineistotyyppi: Kirja
Kieli:espanja
Julkaistu: Barcelona Juventud 2013
Painos:1a. ed
Aiheet:
Tagit: Lisää tagi
Ei tageja, Lisää ensimmäinen tagi!

MARC

LEADER 00000cam a2200000 a 4500
001 UCE9575
003 CL-VaPUC
005 20250313123343.0
008 151029e20130000sp |||||||||||||||||spa|d
999 |c 361239  |d 361237 
020 |a 9788426140173 
040 |c Pontificia Universidad Católica de Valparaíso 
082 0 4 |a 808.068  |b BUN  |2 21 
100 0 |a Bunting, Eve  |e author  |9 582450 
245 1 0 |a He perdido mis calcetines! 
250 |a 1a. ed 
260 |a Barcelona  |b Juventud  |c 2013 
300 |a 30 p 
583 |a last modification  |c 20151029 22:28:00  |k Rodrigo Vera 
650 0 |a Literatura infantil   |9 307465  |x Cuentos 
700 0 |a Ruzzier, Sergio  |e author  |9 582451 
942 |c BK  |2 ddc 
945 |d 20151029 22:28:00  |a dcastane 
952 |0 0  |1 0  |3 erd  |4 0  |6 808_068000000000000_BUN_2013  |7 0  |8 A  |9 471638  |a BIBEDU  |b BIBEDU  |i 5245451  |l 5  |o 808.068 BUN 2013  |p 5245451  |r 2024-09-11  |s 2024-09-10  |w 2019-11-24  |y BK  |z Catalogado en:20151029  |k EPE